000 00432nam a2200145 i 4500
001 94959
003 ES-MaACL
007 t|
008 050519s1906 fr ||||1| fre d
100 1 _aLuchaire, Julien.
_974572
245 1 0 _aEssai sur l'evolution intellectuelle de l'Italie de 1815 a 1830 /
_cpar Julien Luchaire.
260 _aParis :
_bHachette et Cie.,
_c1906.
300 _aXVII, 335 p. ;
_c23 cm.
852 _aES-MaACL
_jG-3057
999 _c94959
_d94959